UM Logo

Police corruption: (Record no. 3933)

MARC details
000 -LEADER
fixed length control field 00612nam a2200181 4500
008 - FIXED-LENGTH DATA ELEMENTS--GENERAL INFORMATION
fixed length control field 160819b xxu||||| |||| 00| 0 eng d
020 ## - INTERNATIONAL STANDARD BOOK NUMBER
International Standard Book Number 9781843924104
082 ## - DEWEY DECIMAL CLASSIFICATION NUMBER
Edition number 2009
Classification number DC 364.1323
Item number D96
100 ## - MAIN ENTRY--PERSONAL NAME
9 (RLIN) 13151
Personal name Punch, Maurice
245 ## - TITLE STATEMENT
Title Police corruption:
Remainder of title deviance, reform and accountability in policing/
Statement of responsibility, etc. Maurice Punch.
260 ## - PUBLICATION, DISTRIBUTION, ETC. (IMPRINT)
Place of publication, distribution, etc. Cullompton:
Name of publisher, distributor, etc. Willan Publishing,
Date of publication, distribution, etc. 2009.
300 ## - PHYSICAL DESCRIPTION
Extent xiv, 281 pages;
Dimensions 23 cm.
500 ## - GENERAL NOTE
General note Includes bibliographical references and index.
650 #0 - SUBJECT ADDED ENTRY--TOPICAL TERM
9 (RLIN) 13154
Topical term or geographic name as entry element Police corruption
650 #0 - SUBJECT ADDED ENTRY--TOPICAL TERM
9 (RLIN) 13155
Topical term or geographic name as entry element Police misconduct
365 ## - TRADE PRICE
Price type code Php
Price amount 3678.00
942 ## - ADDED ENTRY ELEMENTS (KOHA)
Source of classification or shelving scheme Dewey Decimal Classification
Koha item type Circulation
Holdings
Withdrawn status Lost status Source of classification or shelving scheme Damaged status Not for loan Collection code Home library Current library Shelving location Date acquired Source of acquisition Total Checkouts Full call number Barcode Date last seen Date last checked out Price effective from Koha item type
    Dewey Decimal Classification     Circulation UM Digos College - LIC UM Digos College - LIC Book Cart 09/24/2010 Purchased 1 DC 364.1323 D96 2009 21307 05/15/2025 12/05/2024 08/19/2016 Circulation